LEADER 01042nam a2200265 i 4500 001 000000083376 003 CaOOAMICUS 005 20181112152510.0 008 180830s1937 xx u000 u und u 013 $a55616 040 $aSeMil$bita 100 1 $aArneodo, C.$0(OLS)http://semarc/name/39221 245 13$aLe applicazioni industriali dell'energia atomica /$cC. Codegone, C. Arneodo . 260 $aRoma :$bStudium,$c1937. 300 $a127 p. ;$c17 cm 490 0 $aUniversale Studium ;$v53 650 4$aEnergia.$0(OLS)http://semarc/subject/6998 650 4$aFisica.$0(OLS)http://semarc/subject/6493 700 1 $aCodegone, C.$0(OLS)http://semarc/name/39222 830 0$aUniversale Studium ;$v53.$0(OLS)http://semarc/title/6856 850 $aSeMil 852 $aSeMil$W1$xVenegono$y1$m1B I 199$j212324$B47972$CSeMilBibl$Z2$F50975 $81 996 $6245$aLe applicazioni industriali dell'energia atomica$9(OLS)http://semarc/title/130441 996 $6260$aRoma :$bStudium$9(OLS)http://semarc/publisher/29617 LEADER 01000nam a2200241 i 4500 001 000000083642 003 CaOOAMICUS 005 20221004123436.0 008 180830s1955 xx u000 u und u 013 $a55882 040 $aSeMil$bita 100 1 $aEinstein, Albert ,$d<1879-1955>.$0(OLS)http://semarc/name/19093 245 13$aIl significato della relatività /$cAlbert Einstein ; traduzione di Luca A. Radicati di Brozolo. 264 1$aTorino :$bEinaudi,$c1955. 300 $a189 p. ;$c22 cm 650 4$aRelatività.$0(OLS)http://semarc/subject/14978 650 4$aFisica teorica.$0(OLS)http://semarc/subject/14436 700 1 $aRadicati di Brozolo, Luca.$0(OLS)http://semarc/name/52965 850 $aSeMil 852 $aSeMil$W1$xVenegono$y1$m3X III 141$j213216$B48174$CSeMilBibl$Z2$F51241 $81 996 $6245$aIl significato della relatività$9(OLS)http://semarc/title/130624 996 $6264$aTorino :$bEinaudi$9(OLS)http://semarc/publisher/29884